1617 1854 1872 1337 1796 1859 1787 1203 1270 1678 1517 1802 1483 1510 1664 1616 1611 1110 1989 1880 1662 1425 1650 1356 1519 1755 1599 1603 1607 1693 1689 1550 1777 1783 1108 1550 1400 1218 1604 1971 1609 1158 1281 1288 1875 1157 1289 1863 1368 1832 1307 1246 1357 1758 1040 1083 1454 1857 1002 1623 1126 1441 1488 1482 1950 1332 1695 1965 1044 1012 1450 1734 1337 1639 1736 1217 1041 1277 1962 1385 1072 1168 1297 1820 1854 1426 1929 1208 1751 1606 1109 1348 1481 1680 1384 1354 1784 1224 1655 BCNSPRNW ULIB Ver.6.0+V

เปลี่ยนเป็นภาษาไทย

Change to English
 แสดงรายละเอียดบรรณานุกรม
  กลับหน้าหลัก

Brief Record : Get Marc (ISO 2709) : E-mail record : QR code < ปิดหน้าต่าง
LEADER : 00000nam 2200000uu 4500
001    13399127728
003     ULIB
008    210511s2563||||th 000 0 tha d
020    ^a9786169354802
060 04 ^aWC515^bส869Q
100 0  ^aสุวพร อนุกูลเรืองกิตติ์
245 00 ^aQ&A ไขปัญหา "ไข้หวัดใหญ่"/^cสุวพร อนุกูลเรืองกิตติ์
250    ^aพิมพ์ครั้งที่ 1
260    ^aกรุงเทพฯ : ^bมูลนิธิส่งเสริมการศึกษา ไข้หวัดใหญ่,^c2563.
300    ^a71 หน้า :^bภาพประกอบ; ^c16 ซม.
650  7 ^aไข้หวัดใหญ่^xการป้องกันและควบคุม^xไขปัญหา
650  7 ^aวัคซีนไข้หวัดใหญ่
945    ^p90^l0^i28885
945    ^p90^l0^i28886
945    ^p90^l0^i28887
945    ^p90^l0^i28888
945    ^p90^l0^i28889
999    ^aกัณชพร จุลอักษร
รายการนี้ยังไม่มีแท็ก
คุณยังไม่ได้ล็อกอิน คุณสามารถมีกิจกรรมร่วมกับเว็บไซต์ได้ แต่ต้องล็อกอินก่อน ::
  ล็อกอิน

รายการสื่อสารสนเทศ

ลำดับที่ ประเภท เลขเรียก/บาร์โค้ด สถานที่ สถานะ
1. หนังสือสำรอง
หนังสือสำรอง
WC515 ส869Q ฉ.1 
  Barcode: 28885
ห้องสมุดวิทยาเขตนครสวรรค์
►หนังสือทั่วไป:l:General Books
บนชั้น
2. วิทยาศาสตร์การแพทย์ และสุขภาพ
วิทยาศาสตร์การแพทย์ และสุขภาพ
WC515 ส869Q ฉ.2 
  Barcode: 28886
ห้องสมุดวิทยาเขตนครสวรรค์
►หนังสือทั่วไป:l:General Books
บนชั้น
3. วิทยาศาสตร์การแพทย์ และสุขภาพ
วิทยาศาสตร์การแพทย์ และสุขภาพ
WC515 ส869Q ฉ.3 
  Barcode: 28887
ห้องสมุดวิทยาเขตนครสวรรค์
►หนังสือทั่วไป:l:General Books
บนชั้น
4. วิทยาศาสตร์การแพทย์ และสุขภาพ
วิทยาศาสตร์การแพทย์ และสุขภาพ
WC515 ส869Q ฉ.4 
  Barcode: 28888
ห้องสมุดวิทยาเขตนครสวรรค์
►หนังสือทั่วไป:l:General Books
บนชั้น
5. วิทยาศาสตร์การแพทย์ และสุขภาพ
วิทยาศาสตร์การแพทย์ และสุขภาพ
WC515 ส869Q ฉ.5 
  Barcode: 28889
ห้องสมุดวิทยาเขตนครสวรรค์
►หนังสือทั่วไป:l:General Books
บนชั้น

รายการใกล้เคียง
    ผู้แต่ง [สุวพร อนุกูลเรืองกิตติ์]

    หัวเรื่อง [วัคซีนไข้หวัดใหญ่]

BibComment


ยังไม่เคยถูกคอมเมนท์

คอมเมนท์ทรัพยากรรายการนี้
  คอมเมนท์: QA ไขปัญหา ไข้หว..


 Copyright 2026. Bcnsprnw @Library